000 00651cam a2200241 4500500
005 20260329001302.0
041 _afre
042 _adc
100 1 0 _aGagey, Athénaïs
_eauthor
245 0 0 _aLe coût de l’amour
260 _c2023.
500 _a3
690 _aCarrière
690 _aDiversité
690 _aEmpowerment
690 _aFemmes/hommes
690 _aInégalités
690 _aRémunération
690 _aTravail
690 _aVie pro / vie perso
786 0 _nPhilonomist | - | 4 | 2023-03-06 | p. 19-27
856 4 1 _uhttps://shs.cairn.info/magazine-philonomist-2023-4-page-19?lang=fr&redirect-ssocas=7080
999 _c1803874
_d1803874